Libro de Buen Amor /
Guardado en:
| Autor Principal: | |
|---|---|
| Otros Autores: | |
| Formato: | Libro |
| Idioma: | Undetermined |
| Publicado: |
Buenos Aires :
Orbis,
1984.
|
| Series: | Historia Universal de la Literatura ;
52 |
| Materias: | |
| Etiquetas: |
Agregar Etiqueta
Sin Etiquetas, Sea el primero en etiquetar este registro!
|
| LEADER | 00688nam a22002055a 4500 | ||
|---|---|---|---|
| 001 | CEM.cems024428 | ||
| 008 | 241217s1984####ag############000#0#und#d | ||
| 005 | 20241217170039.0 | ||
| 245 | 1 | 0 | |a Libro de Buen Amor / |c Arcipreste de Hita ; edición modernizada de Nicasio Salvador Miguel. |
| 260 | |a Buenos Aires : |b Orbis, |c 1984. | ||
| 300 | |a 271 p. | ||
| 490 | 1 | |a Historia Universal de la Literatura ; |v 52 | |
| 020 | |a 9506140863 | ||
| 100 | 1 | |a Ruiz, Juan. | |
| 700 | 1 | |a Miguel, Nicasio Salvador; ed. | |
| 653 | |a Literatura española | ||
| 653 | |a Poesía épica | ||
| 653 | |a Mester de clerecía | ||
| 653 | |a Literatura medieval | ||
| 859 | |a CEMS |b BIB. CEMS - 11 de abril |h 861.1 |i R859a1 |p 29694.24 |t Ej.1 | ||
